ARRUPE JESUIT UNIVERSITY

CORONAVIRUS -STOP THE SPREAD - CLEAN,DISINFECT,COVER

Yaa Asantewaa and the Asante-British War of 1900-1 / (Record no. 125398)

MARC details
000 -LEADER
fixed length control field 01169cam a2200325 a 4500
001 - CONTROL NUMBER
control field 13652418
003 - CONTROL NUMBER IDENTIFIER
control field ARRUPE
005 - DATE AND TIME OF LATEST TRANSACTION
control field 20161003114634.0
008 - FIXED-LENGTH DATA ELEMENTS--GENERAL INFORMATION
fixed length control field 040322s2003 gh ab b 000 0deng
010 ## - LIBRARY OF CONGRESS CONTROL NUMBER
LC control number 2003408949
020 ## - INTERNATIONAL STANDARD BOOK NUMBER
International Standard Book Number 9988550995 (SubSaharan Publishers)
020 ## - INTERNATIONAL STANDARD BOOK NUMBER
International Standard Book Number 0852554435 (James Currey)
020 ## - INTERNATIONAL STANDARD BOOK NUMBER
International Standard Book Number 9988550642 (hard cover ed.)
040 ## - CATALOGING SOURCE
Original cataloging agency DLC
Transcribing agency DLC
Modifying agency DLC
042 ## - AUTHENTICATION CODE
Authentication code lcode
043 ## - GEOGRAPHIC AREA CODE
Geographic area code e-uk---
-- f-gh---
050 00 - LIBRARY OF CONGRESS CALL NUMBER
Classification number DT507
Item number .B527 2003
082 00 - DEWEY DECIMAL CLASSIFICATION NUMBER
Classification number 966.03/1
Edition number 22
300 ## - PHYSICAL DESCRIPTION
Other physical details ill., maps ;
Dimensions 22 cm.
100 1# - MAIN ENTRY--PERSONAL NAME
Personal name Boahen, A. Adu.
9 (RLIN) 26351
245 10 - TITLE STATEMENT
Title Yaa Asantewaa and the Asante-British War of 1900-1 /
Statement of responsibility, etc A. Adu Boahen ; edited with editor's note by Emmanuel Akyeampong.
260 ## - PUBLICATION, DISTRIBUTION, ETC. (IMPRINT)
Place of publication, distribution, etc Accra :
Name of publisher, distributor, etc Sub-Saharan Publishers ;
Place of publication, distribution, etc Oxford [U.K.] :
Name of publisher, distributor, etc James Currey,
Date of publication, distribution, etc 2003.
300 ## - PHYSICAL DESCRIPTION
Extent 182 p. :
504 ## - BIBLIOGRAPHY, ETC. NOTE
Bibliography, etc Includes bibliographical references (p. 181-182).
600 00 - SUBJECT ADDED ENTRY--PERSONAL NAME
Personal name Yaa Asantewaa,
Dates associated with a name 1832?-1921.
9 (RLIN) 26352
650 #0 - SUBJECT ADDED ENTRY--TOPICAL TERM
Topical term or geographic name as entry element Ashanti War, 1900.
9 (RLIN) 26353
700 1# - ADDED ENTRY--PERSONAL NAME
Personal name Akyeampong, Emmanuel Kwaku.
9 (RLIN) 26354
906 ## - LOCAL DATA ELEMENT F, LDF (RLIN)
a 7
b cbc
c origode
d 3
e ncip
f 20
g y-gencatlg
942 ## - ADDED ENTRY ELEMENTS (KOHA)
Source of classification or shelving scheme Library of Congress Classification
Koha item type Monograph ( Printed materials)
Holdings
Withdrawn status Lost status Source of classification or shelving scheme Damaged status Not for loan Collection code Home library Current library Shelving location Date acquired Total Checkouts Full call number Barcode Date last seen Date checked out Price effective from Koha item type
    Library of Congress Classification     Main Collection ARRUPE LIBRARY ARRUPE LIBRARY Main Collection 03/10/2016 4 DT507 .B527 2003 46500010677 12/11/2018 02/11/2018 03/10/2016 Monograph ( Printed materials)

 

Arrupe Library. PO Box MP320 Mt Pleasant, Harare, Zimbabwe
263 242 745411|librarian@aju.ac.zw